| 000 | 00453nam a2200157 a 4500 | ||
|---|---|---|---|
| 001 | 000033000 | ||
| 005 | 20200930065949.0 | ||
| 008 | 110808s1959 dr c 000 0 spa d | ||
| 040 |
_aDO-SdBNP _bspa _cBNPHU |
||
| 082 |
_axxx _bG993e |
||
| 100 | 1 |
_aGuzmán, Benjamin F. _958720 |
|
| 245 | 1 | 0 |
_aEspigas truncas / _cF. Benjamin Guzmán. |
| 260 |
_aSantiago, República Dominicana : _bAtlas, _c1959. |
||
| 300 |
_a[26 p.] : _bretrs. ; _c25 cm. |
||
| 049 | _aBNPD | ||
| 999 |
_c32491 _d32491 |
||